000 00675nam a2200265Ia 4500
005 20260121170936.0
008 008 260114s9999 xx 000 0 eng d
020 _a9783030046484
037 _aEBOOK
040 _aCRL
040 _beng
040 _cCRL
041 _2eng
041 _aeng
084 _qCRL
100 _aXuemin Chen, Arunabha Sen, Wei Wayne Li, My T. Thai
_91070086
245 0 _aComputational Data and Social Networks
260 _bSpringer
260 _bSpringer
260 _c2018
856 _uhttps://link.springer.com/openurl?genre=book&isbn=978-3-030-04648-4
942 _cEBOOK
999 _c1635816
_d1635816